000 00358nam a2200133Ia 4500
005 20260328104328.0
008 260328s9999||||xx |||||||||||||| ||und||
100 _aMargaine, Sylvain
245 0 _aForbidden Places :
_b Exploring Our Abandoned Heritage /
_cSylvain Margaine
260 _bJonglez
300 _a252 p.
650 _aRESTAURACIÓN
942 _cBK
999 _c11617
_d11617